Scientists and technologists of Pakistan; (Record no. 72832)
[ view plain ]
| 000 -LEADER | |
|---|---|
| fixed length control field | 00735nam a22002411 4500 |
| 001 - CONTROL NUMBER | |
| control field | sa 67001752 |
| 003 - CONTROL NUMBER IDENTIFIER | |
| control field | DLC |
| 005 - DATE AND TIME OF LATEST TRANSACTION | |
| control field | 20260227112325.0 |
| 008 - FIXED-LENGTH DATA ELEMENTS--GENERAL INFORMATION | |
| fixed length control field | 740328s1966 pk r 00000 eng |
| 010 ## - LIBRARY OF CONGRESS CONTROL NUMBER | |
| LC control number | sa 67001752 |
| 025 ## - OVERSEAS ACQUISITION NUMBER | |
| Overseas acquisition number | PL480:P-E-1007 |
| 043 ## - GEOGRAPHIC AREA CODE | |
| Geographic area code | a-ii--- |
| -- | a-pk--- |
| 050 0# - LIBRARY OF CONGRESS CALL NUMBER | |
| Classification number | Q145 |
| Item number | .P25 |
| 082 ## - DEWEY DECIMAL CLASSIFICATION NUMBER | |
| Classification number | 502/.5/549 |
| 110 20 - MAIN ENTRY--CORPORATE NAME | |
| Corporate name or jurisdiction name as entry element | Pakistan Association of Scientists and Scientific Professions. |
| 245 10 - TITLE STATEMENT | |
| Title | Scientists and technologists of Pakistan; |
| Remainder of title | a directory. |
| 260 1# - PUBLICATION, DISTRIBUTION, ETC. | |
| Place of publication, distribution, etc. | Karachi |
| Date of publication, distribution, etc. | [1966] |
| 300 ## - PHYSICAL DESCRIPTION | |
| Extent | 367 p. |
| Dimensions | 28 cm. |
| 650 #0 - SUBJECT ADDED ENTRY--TOPICAL TERM | |
| Topical term or geographic name entry element | Scientists |
| Geographic subdivision | India |
| General subdivision | Directories. |
| 650 #0 - SUBJECT ADDED ENTRY--TOPICAL TERM | |
| Topical term or geographic name entry element | Engineers |
| Geographic subdivision | India |
| General subdivision | Directories. |
| 650 #0 - SUBJECT ADDED ENTRY--TOPICAL TERM | |
| Topical term or geographic name entry element | Scientists |
| Geographic subdivision | Pakistan |
| General subdivision | Directories. |
| 650 #0 - SUBJECT ADDED ENTRY--TOPICAL TERM | |
| Topical term or geographic name entry element | Engineers |
| Geographic subdivision | Pakistan |
| General subdivision | Directories. |
No items available.